[Event "Spijkenisse Queens-Kings"]
[Site "Spijkenisse"]
[Date "2013.10.25"]
[Round "1.3"]
[White "Mannetje, Simone"]
[Black "Kleiweg, Rene"]
[Result "0-1"]
[WhiteElo "1375"]
[BlackElo "1617"]
[PlyCount "62"]
[EventDate "2013.10.25"]
[EventType "team-match"]
[EventRounds "2"]
[EventCountry "NED"]
[SourceTitle "EXT 2014"]
[Source "ChessBase"]
[SourceDate "2013.11.20"]
[SourceVersion "1"]
[SourceVersionDate "2013.11.20"]
[SourceQuality "1"]
[WhiteTeam "Queens"]
[BlackTeam "Kings"]
[WhiteTeamCountry "NED"]
[BlackTeamCountry "NED"]

1. d4 g6 2. Nf3 Nf6 3. c4 Bg7 4. Nc3 0-0 5. g3 d6 6. Bg2 Nbd7 7. 0-0 c5 8. e3 Rb8 9. Qc2 Nb6 10. dxc5 Nxc4 11. cxd6 Nxd6 12. e4 Nd7 13. Nd5 Nb6 14. Nc7 Ndc4 15. Nb5 Qd7 16. Nxa7 Qa4 17. Qxa4 Nxa4 18. b3 Bxa1 19. Bf4 e5 20. Bh6 Bd4 21. Bxf8 Bxa7 22. Bb4 Nc5 23. Bxc5 Bxc5 24. bxc4 f6 25. Rd1 Be6 26. Bf1 Kf7 27. a4 b6 28. Rb1 Rd8 29. Rb2 Rd1 30. Ra2 Bxc4 31. Nd2 Bxa2 0-1

[Event "Amsterdam Science Park op-D 3rd"]
[Site "Amsterdam"]
[Date "2013.07.13"]
[Round "8"]
[White "Wagenvoorde, Guido"]
[Black "Kleiweg, Rene"]
[Result "1-0"]
[WhiteElo "1346"]
[BlackElo "1485"]
[PlyCount "125"]
[EventDate "2013.07.06"]
[EventType "swiss"]
[EventRounds "9"]
[EventCountry "NED"]
[SourceTitle "CBM 155 Extra"]
[Source "ChessBase"]
[SourceDate "2013.08.26"]
[SourceVersion "1"]
[SourceVersionDate "2013.08.26"]
[SourceQuality "1"]

1. d4 g6 2. c4 d6 3. Nc3 Bg7 4. e4 Nd7 5. Be2 b6 6. Bg5 Bb7 7. Qd2 Ngf6 8. f3 h6 9. Be3 e6 10. Nh3 Rc8 11. Nf2 Ke7 12. 0-0 Qf8 13. Rac1 a6 14. f4 Nh7 15. d5 e5 16. fxe5 Nxe5 17. Ng4 g5 18. Nxe5 Bxe5 19. Bg4 Ra8 20. Be6 Nf6 21. Bf5 Bc8 22. g3 Qg7 23. Ne2 Bxf5 24. exf5 Ne4 25. Qd3 Nf6 26. Nd4 Rhe8 27. Nc6+ Kf8 28. b3 Nd7 29. Rf3 a5 30. Rcf1 f6 31. Qd2 Nb8 32. Nd4 Bxd4 33. Bxd4 Nd7 34. Kf2 Re4 35. Re3 Rae8 36. Rfe1 Rxe3 37. Rxe3 Rxe3 38. Qxe3 Qe7 39. Qe6 Qf7 40. a3 Kg7 41. Bc3 Nc5 42. Qe3 Qd7 43. g4 Kf7 44. b4 axb4 45. axb4 Nb7 46. Qe6+ Qxe6 47. fxe6+ Ke7 48. Kf3 Nd8 49. Ke4 c5 50. bxc5 dxc5 51. Kf5 Nb7 52. Bxf6+ Ke8 53. Bc3 Nd6+ 54. Ke5 Nxc4+ 55. Ke4 Nd6+ 56. Kd3 Kf8 57. Be5 Ke7 58. Bg7 b5 59. Bxh6 Kf6 60. Bf8 c4+ 61. Kd4 Nb7 62. Bb4 Nd8 63. e7 1-0

[Event "Amsterdam Science Park op-D 3rd"]
[Site "Amsterdam"]
[Date "2013.07.12"]
[Round "7"]
[White "Kleiweg, Rene"]
[Black "Wierstra, Jelle"]
[Result "1-0"]
[WhiteElo "1485"]
[BlackElo "1528"]
[PlyCount "113"]
[EventDate "2013.07.06"]
[EventType "swiss"]
[EventRounds "9"]
[EventCountry "NED"]
[SourceTitle "CBM 155 Extra"]
[Source "ChessBase"]
[SourceDate "2013.08.26"]
[SourceVersion "1"]
[SourceVersionDate "2013.08.26"]
[SourceQuality "1"]

1. e4 d6 2. d4 Nf6 3. Nc3 Nbd7 4. Nf3 e5 5. dxe5 Nxe5 6. Nxe5 dxe5 7. Qxd8+ Kxd8 8. Bg5 Bb4 9. 0-0-0+ Bd7 10. Nd5 Be7 11. f3 c6 12. Nxe7 Kxe7 13. f4 h6 14. fxe5 hxg5 15. exf6+ gxf6 16. Be2 b5 17. h3 a5 18. Rhf1 Rad8 19. Rd3 Be6 20. a3 Rxd3 21. cxd3 b4 22. axb4 axb4 23. Kd2 c5 24. Ra1 Kd6 25. Ke3 Rc8 26. Ra6+ Rc6 27. d4 cxd4+ 28. Kxd4 Rxa6 29. Bxa6 f5 30. e5+ Kc6 31. Bc4 Kb6 32. b3 Kc6 33. Bxe6 fxe6 34. Kc4 f4 35. Kxb4 Kd5 36. Ka5 Kxe5 37. b4 Kd6 38. Kb6 e5 39. b5 e4 40. Ka7 e3 41. b6 e2 42. b7 e1Q 43. b8Q+ Kc5 44. Qc7+ Kd4 45. Qd8+ Kc4 46. Qxg5 Qe3+ 47. Kb7 Qe4+ 48. Kc7 Qh7+ 49. Kd6 Qd3+ 50. Ke6 Qe3+ 51. Kf5 Qc5+ 52. Kxf4 Qd4+ 53. Kg3 Qd3+ 54. Kh4 Qh7+ 55. Kg4 Qd7+ 56. Kg3 Qd3+ 57. Kh2 1-0